Double Step Word Laddyrinth Quiz Stats

Quiz Updated Apr 26, 2018

Also try: Word Laddyrinth
Challenge
Share
Tweet
Embed
Score 0/192 Timer 10:00
2 Plays Today
% Correct
tortoise opponent
100%
FINISH
99.9%
0~O~0~O~0~O~0
96.9%
0~O~0~O~0~O~0
96.9%
enormous
96.9%
heavenly headwear
96.8%
HARE
96.8%
injure
93.9%
HUGE
93.8%
intense anger
93.8%
0~O~0~O~0~O~0
93.1%
0~O~0~O~0~O~0
93.1%
song for one
92.7%
HALO
92.6%
filth
91.7%
HURT
91.5%
not all, not none
90.3%
SOLO
90.2%
0~O~0~O~0~O~0
90.1%
0~O~0~O~0~O~0
90.1%
0~O~0~O~0~O~0
89.7%
0~O~0~O~0~O~0
89.7%
pipe; channel
89.5%
DIRT
89.3%
0~O~0~O~0~O~0
86.8%
0~O~0~O~0~O~0
86.8%
celebrity; acclaim
86.7%
SOME
86.5%
RAGE
81.9%
baby deer
80.1%
FAME
79.8%
0~O~0~O~0~O~0
78.4%
0~O~0~O~0~O~0
78.4%
0~O~0~O~0~O~0
78.3%
0~O~0~O~0~O~0
78.3%
goose feathers
76.6%
FAWN
76.5%
Huckleberry __
76.5%
FINN
75.5%
0~O~0~O~0~O~0
74.5%
0~O~0~O~0~O~0
74.5%
extinct bird
73.1%
DOWN
73%
a martial art
70.9%
DODO
70.8%
0~O~0~O~0~O~0
66.6%
0~O~0~O~0~O~0
66.6%
trash
66.5%
JUDO
66.4%
0~O~0~O~0~O~0
65.6%
0~O~0~O~0~O~0
65.6%
0~O~0~O~0~O~0
63.8%
0~O~0~O~0~O~0
63.8%
beanstalk climber
63%
JUNK
63%
armored war vehicle
63%
TANK
62.7%
JACK
62.6%
agreement; deal
51.9%
DUCT
51.2%
hand part
50.1%
PACT
49.4%
controls; as on a ship
49.4%
The Raven, eg
49.2%
% Correct
PALM
48.9%
0~O~0~O~0~O~0
47.3%
0~O~0~O~0~O~0
47.3%
not us
46.1%
defrost
45.9%
THEM
45.8%
cut slightly
45.8%
POEM
45.7%
0~O~0~O~0~O~0
45.4%
0~O~0~O~0~O~0
45.4%
squalid region
44.7%
percussion instrument
44.6%
to sketch
44.5%
DRAW
44.4%
THAW
44.3%
impending catastrophe
44.1%
DRUM
44.1%
0~O~0~O~0~O~0
40.5%
0~O~0~O~0~O~0
40.5%
0~O~0~O~0~O~0
39.4%
0~O~0~O~0~O~0
39.4%
sloth-like
38.7%
dupe
38%
SLUM
38%
distort
37.7%
0~O~0~O~0~O~0
37.7%
0~O~0~O~0~O~0
37.7%
increase in size
37.3%
SLOW
37.3%
TRIM
36.8%
DOOM
36.4%
GROW
36.1%
HEAD
33.5%
brain location
33.4%
HELM
33.4%
involuntary slide
26.6%
scenery; perspective
26.4%
0~O~0~O~0~O~0
26.2%
0~O~0~O~0~O~0
26.2%
offensive; appalling
26.2%
SKEW
26.1%
VIEW
24.7%
SCAM
24.1%
0~O~0~O~0~O~0
23.8%
0~O~0~O~0~O~0
23.8%
0~O~0~O~0~O~0
23.8%
0~O~0~O~0~O~0
23.8%
0~O~0~O~0~O~0
23.6%
0~O~0~O~0~O~0
23.6%
anti-alkaline
23.3%
assist in a crime
23.2%
SKID
22.7%
mother's sister
22.7%
AUNT
22.7%
flower holder
22.6%
an opening
22.5%
VILE
22.5%
shrewd; clever
22.5%
__ lang syne
22.5%
VASE
22.4%
ACID
22.1%
throb
22.1%
0~O~0~O~0~O~0
22%
0~O~0~O~0~O~0
22%
% Correct
0~O~0~O~0~O~0
21.9%
0~O~0~O~0~O~0
21.9%
precious metal
21.9%
AULD
21.9%
disorder
21.6%
0~O~0~O~0~O~0
21.5%
0~O~0~O~0~O~0
21.5%
encounter
21.5%
GOLD
21.2%
0~O~0~O~0~O~0
21.1%
0~O~0~O~0~O~0
21.1%
MEET
21%
plod through water
21%
ABET
20.9%
WISE
20.9%
0~O~0~O~0~O~0
20.8%
0~O~0~O~0~O~0
20.8%
0~O~0~O~0~O~0
20.8%
0~O~0~O~0~O~0
20.8%
cryptic language
20.7%
WADE
20.6%
HOLE
20.5%
ACHE
20.2%
smooch
20.2%
take a life
20.1%
corridor
20.1%
door openers
20.1%
KISS
20.1%
KILL
20%
bird of prey
20%
persuade
19.9%
CODE
19.9%
HALL
19.9%
pirate hand, perhaps
19.7%
wish; long for
19.6%
MESS
19.6%
HAWK
19.6%
HOOK
19.3%
0~O~0~O~0~O~0
18.3%
0~O~0~O~0~O~0
18.3%
domesticated
18.1%
write with a keyboard
18.1%
0~O~0~O~0~O~0
18.1%
0~O~0~O~0~O~0
18.1%
TYPE
17.9%
HOPE
17.7%
KEYS
17.7%
COAX
17.7%
elevate
17.7%
citrus fruit
17.6%
LIME
17.5%
TAME
17.4%
final; ultimate
17.2%
LIFT
17.1%
haze; fog
16.9%
LAST
16.7%
silent performer
16.2%
MIST
16.2%
castle trench
16.2%
tidy
16.1%
MOAT
16.1%
MIME
16%
WELL DONE
15%
NEAT
14.8%

You're not logged in!

Compare scores with friends on all Sporcle quizzes.
Join for Free
OR
Log In

You Might Also Like...

Show Comments

Extras

Top Quizzes Today


Score Distribution

Your Account Isn't Verified!

In order to create a playlist on Sporcle, you need to verify the email address you used during registration. Go to your Sporcle Settings to finish the process.

Report this User

Report this user for behavior that violates our Community Guidelines.

Details: